000 01065nam a2200277 4500
001 0000017869
003 CO-CtgCURN
005 20250331184352.0
008 160627s2004 000 0 eng d
020 _a9588200385
040 _aCO-CtgCURN
_bspa
_ccoctgcurn
082 0 _a300.1
_bB87L
100 1 _aBurgos, Campo Elias.
245 1 3 _aLa logica de las ciencias sociales segun Karl R. Popper /
_cCampo Elias Burgos.
260 _aBogotá :
_bUniversidad Sergio Arboleda. Escuela de Filosofia y Humanidades,
_c2004.
300 _a211 p.
336 _2rdacontent
337 _2rdamedia
_asin mediacion
_bn
338 _2rdacarrier
_avolumen
_bnc
504 _aBibliografia (p. 207-211)
505 8 _aPlanteamiento epistemologico.--Teoria socio-polĂ­tica e historia.--Epistemoloia de las ciencias sociales.--Aproximaciones criticas y conclusiones
650 0 _aPopper, Karl Raimund
_xCritica e Interpretacion
_y1902-1994.
908 _a160627
942 _cBK
_h300.1
_iB87L
_2ddc
999 _c17544
_d17544
_x1